Chuyến xe điện ra mặt trận /

Salvato in:
Dettagli Bibliografici
Autore principale: Jurakhôvits, X.
Altri autori: Ngọc Anh (Dịch.)
Natura: Articolo
Lingua:Vietnamese
Soggetti:
Tags: Aggiungi Tag
Nessun Tag, puoi essere il primo ad aggiungerne! !
Thư viện lưu trữ: Thư viện Trường Đại học Đà Lạt
LEADER 00773nam a2200277 4500
001 DLU120143151
005 ##20121029
040 # # |a DLU  |b vie 
041 # # |a vie 
044 # # |a vn 
100 # # |a Jurakhôvits, X. 
245 # # |a Chuyến xe điện ra mặt trận /  |c X.Jurakhôvits, Ngọc Anh dịch. 
653 # # |a Cảm xúc 
653 # # |a Chiến tranh 
653 # # |a Tình yêu 
700 # # |a Ngọc Anh,   |e Dịch. 
773 # # |t Văn nghệ quân độ  |g Số 4(747), 2012, tr. 53-65 
920 # # |a Phòng Tạp chí -- Trung tâm Thông tin - Thư viện Trường Đại học Đà Lạt 
994 # # |a DLU 
900 # # |a True 
911 # # |a Nguyễn Thị Linh Chi 
925 # # |a G 
926 # # |a A 
927 # # |a BB 
980 # # |a Thư viện Trường Đại học Đà Lạt